000 01092nam0a2200325 4500
001 RU\NLR\bibl\1759487
005 20250616123603.0
010 _a978-5-699-47176-8
_97000
021 _aRU
_b2011-17906
_9155д/11
035 _a(NLR Aleph) 001750310
090 _a1514658
_c1514658
100 _a20110415d2011 |||y0rusy50 ca
101 0 _arus
102 _aRU
105 _ay |||||||||
200 1 _a7 чудес радуги
_eпрактическая цветотерапия
_f[В. Надина]
210 _aМосква
_cЭксмо
_d2011
215 _a60, [1] с.
_cцв. ил.
_d17
225 1 _aColor help for you
606 1 _aЗрительное восприятие
_jПопулярные издания
_91021539
_3RU\NLR\auth\6672744
606 1 _aПсихогигиена
_jПопулярные издания
_9929392
_3RU\NLR\auth\6623393
686 _aЮ935.113.11я9
686 _aЮ948.1-8я9
702 1 _aНадина
_bВ.
_4220
801 0 _aRU
_bNLR
_c20110415
_gRCR
801 1 _aRU
_bNLR
_c20110415
942 _cBOOK
980 _aNB
980 _aNBR